000
00322nam a22001457a 4500
008
210301b ||||| |||| 00| 0 eng d
020
_a
9780527763145
041
_a
eng
080
_a
338
082
_a
338
100
_a
54
101
_a
MEN
245
_a
Strategic Planning in Healthcare
_c
Horak, B.J
942
_2
udc
_c
BK
999
_c
55363
_d
55363